000069502 001__ 69502
000069502 005__ 20180322143019.0
000069502 037__ $$aTAZ-TFG-2018-256
000069502 041__ $$aspa
000069502 1001_ $$aGil Borque, Jaime
000069502 24200 $$aApplication of Balanced Scorecard for Grupo LOBE
000069502 24500 $$aAplicación del Cuadro de Mando Integral Grupo LOBE 
000069502 260__ $$aZaragoza$$bUniversidad de Zaragoza$$c2018
000069502 506__ $$aby-nc-sa$$bCreative Commons$$c3.0$$uhttp://creativecommons.org/licenses/by-nc-sa/3.0/
000069502 520__ $$aDurante muchos años, el estudio de los indicadores financieros y operativos más relevantes ha sido el método preferido por muchos directores para conocer la situación de su empresa. Con el paso del tiempo hemos ido creciendo en un mundo empresarial mucho más competitivo, en el que las empresas han requerido de estrategias más específicas. El objetivo principal es conocer la situación de Grupo LOBE y elaborar las estrategias necesarias para conseguir el crecimiento del negocio.
000069502 521__ $$aGraduado en Administración y Dirección de Empresas
000069502 540__ $$aDerechos regulados por licencia Creative Commons
000069502 700__ $$aLópez Viñegla, Alfonso$$edir.
000069502 7102_ $$aUniversidad de Zaragoza$$b $$c
000069502 8560_ $$f584339@celes.unizar.es
000069502 8564_ $$s1745295$$uhttps://zaguan.unizar.es/record/69502/files/TAZ-TFG-2018-256.pdf$$yMemoria (spa)
000069502 909CO $$ooai:zaguan.unizar.es:69502$$pdriver$$ptrabajos-fin-grado
000069502 950__ $$a
000069502 951__ $$adeposita:2018-03-21
000069502 980__ $$aTAZ$$bTFG$$cECON
000069502 999__ $$a20180215214206.CREATION_DATE